000 00359nam a2200145Ia 4500
005 20251222143241.0
008 251222s9999||||xx |||||||||||||| ||spa||
020 _a8474231892
082 _a914.603/R96
100 _aRussel, Peter E.
245 0 _aIntroducción a la Cultura Hispánica
250 _a1ra.ed.
264 _bCrítica - Grijalbo
942 _cLIB
999 _c14574
_d14574